00305nam a22000977a 4500082001500000100001500015245004200030260003300072300002200105500008000127 a546.22 GRA aGray,Peter aThe Chemistry of Dinitrogen Tetroxide aLondonbRussell Squarec1958 bBinded Hard cover aThe royal institute of chemistry: Lectures ,Monographs & Reports,1958- No:4